MARC details
| 000 -LEADER |
| fixed length control field |
024200000a22004690004500 |
| 003 - CONTROL NUMBER IDENTIFIER |
| control field |
LK-CoMWRAF |
| 008 - FIXED-LENGTH DATA ELEMENTS--GENERAL INFORMATION |
| fixed length control field |
230817t ||||| |||| 00| 0 eng d |
| 020 ## - INTERNATIONAL STANDARD BOOK NUMBER |
| International Standard Book Number |
3810039403 |
| 040 ## - CATALOGING SOURCE |
| Original cataloging agency |
LK-CoMWRAF |
| Modifying agency |
LK-CoMWRAF |
| Description conventions |
LK-CoMWRAF |
| 041 ## - LANGUAGE CODE |
| Language code of text/sound track or separate title |
English |
| 082 ## - DEWEY DECIMAL CLASSIFICATION NUMBER |
| Classification number |
440 |
| Item number |
AUS |
| 942 ## - ADDED ENTRY ELEMENTS (KOHA) |
| Koha item type |
Books |
| 700 ## - ADDED ENTRY--PERSONAL NAME |
| Personal name |
Austin,, Alex |
| Relator Term |
editor |
| 245 ## - TITLE STATEMENT |
| Title |
Transforming Ethnopolitical Conflict |
| Remainder of title |
The Berghof Handbook |
| 260 ## - PUBLICATION, DISTRIBUTION, ETC. (IMPRINT) |
| Name of publisher, distributor, etc. |
|
| Place of publication, distribution, etc. |
|
| Date of publication, distribution, etc. |
2004 |
| 300 ## - PHYSICAL DESCRIPTION |
| Extent |
p.473 |
| 650 ## - SUBJECT ADDED ENTRY--TOPICAL TERM |
| Topical term or geographic name as entry element |
Analysing Conflict and Assessing Conflict Transformation |
| 650 ## - SUBJECT ADDED ENTRY--TOPICAL TERM |
| Topical term or geographic name as entry element |
Assessing the State-of-the-Art in Conflict Transformation |
| 650 ## - SUBJECT ADDED ENTRY--TOPICAL TERM |
| Topical term or geographic name as entry element |
Civilisation of Conflict: Constructive Pacifism as a Guiding Notion for Conflict Transformation |
| 650 ## - SUBJECT ADDED ENTRY--TOPICAL TERM |
| Topical term or geographic name as entry element |
Concepts and Cross-Cutting Challenges |
| 650 ## - SUBJECT ADDED ENTRY--TOPICAL TERM |
| Topical term or geographic name as entry element |
Conflict Transformation through State Reform |
| 650 ## - SUBJECT ADDED ENTRY--TOPICAL TERM |
| Topical term or geographic name as entry element |
Conflict Transformation: A Multi Dimensional Task |
| 650 ## - SUBJECT ADDED ENTRY--TOPICAL TERM |
| Topical term or geographic name as entry element |
Culture, Power Asymmetries and Gender in Conflict Transformation |
| 650 ## - SUBJECT ADDED ENTRY--TOPICAL TERM |
| Topical term or geographic name as entry element |
Dealing with the Consequences of Organised Violence in Trauma work |
| 650 ## - SUBJECT ADDED ENTRY--TOPICAL TERM |
| Topical term or geographic name as entry element |
Designing Transformation and Intervention Processes |
| 650 ## - SUBJECT ADDED ENTRY--TOPICAL TERM |
| Topical term or geographic name as entry element |
Early Warning and the Field: A Cargo Cult Science? |
| 650 ## - SUBJECT ADDED ENTRY--TOPICAL TERM |
| Topical term or geographic name as entry element |
Enchancing the Capacity for Conflict Transformation |
| 650 ## - SUBJECT ADDED ENTRY--TOPICAL TERM |
| Topical term or geographic name as entry element |
Experiences with Impact Assessment: Can we Know what Good we do? |
| 650 ## - SUBJECT ADDED ENTRY--TOPICAL TERM |
| Topical term or geographic name as entry element |
Facilitation Skills for Interpersonal Transformation |
| 650 ## - SUBJECT ADDED ENTRY--TOPICAL TERM |
| Topical term or geographic name as entry element |
From resolution to Transformation: The Role of Dialogue Projects |
| 650 ## - SUBJECT ADDED ENTRY--TOPICAL TERM |
| Topical term or geographic name as entry element |
Hawks and Doves: Peace Keeping and Conflict Resolution |
| 650 ## - SUBJECT ADDED ENTRY--TOPICAL TERM |
| Topical term or geographic name as entry element |
Peace and Conflict Impact Assessment Methodology |
| 650 ## - SUBJECT ADDED ENTRY--TOPICAL TERM |
| Topical term or geographic name as entry element |
Recovering from Violent Conflict: Regeneration and (Re-) Integration as Elements of Peacebuilding |
| 650 ## - SUBJECT ADDED ENTRY--TOPICAL TERM |
| Topical term or geographic name as entry element |
Recovering from War: Reconstruction versus just Paece |
| 650 ## - SUBJECT ADDED ENTRY--TOPICAL TERM |
| Topical term or geographic name as entry element |
Structural Refoms, Institutionbuilding and Violence Control |
| 650 ## - SUBJECT ADDED ENTRY--TOPICAL TERM |
| Topical term or geographic name as entry element |
Supporting Justice, Co-existence and Reconciliation after Armed Conflict: Strategies for Dealing with the Past |
| 650 ## - SUBJECT ADDED ENTRY--TOPICAL TERM |
| Topical term or geographic name as entry element |
Team and Organisational Development as a Means for Conflict Prevention and Resolution |
| 650 ## - SUBJECT ADDED ENTRY--TOPICAL TERM |
| Topical term or geographic name as entry element |
The News Media and the Transformation of Ethnopolitical Conflicts |
| 650 ## - SUBJECT ADDED ENTRY--TOPICAL TERM |
| Topical term or geographic name as entry element |
The Role of Development Aid in Conflict Transformation: Facilitating Empowerment Processesand Community Building |
| 650 ## - SUBJECT ADDED ENTRY--TOPICAL TERM |
| Topical term or geographic name as entry element |
Towards Conflict Transformation and a just Peace |
| 650 ## - SUBJECT ADDED ENTRY--TOPICAL TERM |
| Topical term or geographic name as entry element |
Trends and Causes of Armed Conflict |